Normal view
MARC view
- नलावडे सं. आणि नलावडे इ
Entry Personal Name
001 - CONTROL NUMBER
- control field: 41749
003 - CONTROL NUMBER IDENTIFIER
- control field: OSt
005 - DATE AND TIME OF LATEST TRANSACTION
- control field: 20220806101025.0
008 - FIXED-LENGTH DATA ELEMENTS
- fixed length control field: 220806|| aca||aabn | a|a d
040 ## - CATALOGING SOURCE
- Original cataloging agency: OSt
- Transcribing agency: OSt
100 ## - HEADING--PERSONAL NAME
- Personal name: नलावडे सं. आणि नलावडे इ
670 ## - SOURCE DATA FOUND
- Source citation: Work cat.: (OSt)24959: नलावडे सं. आणि नलावडे इ., सोपे सामान्यज्ञान, 1997